Statistics for Batman Characters by Screen Time

Click here to take the quiz!

General Stats

  • This quiz has been taken 9,210 times
  • The average score is 11 of 17

Answer Stats

MinutesCharacter% Correct
434Batman / Bruce Wayne
99%
82The Joker
99%
101Dick Grayson / Robin
93%
74Selina Kyle / Catwoman
92%
77Alfred Pennyworth
85%
48The Penguin
82%
58Commissioner Gordon
77%
43Harvey Dent / Two-Face
77%
40The Riddler
76%
32Bane
73%
24Mr. Freeze
67%
25Poison Ivy
63%
36Barbara Gordon / Batgirl
53%
22Lucius Fox
35%
33Superman
27%
30Rachel Dawes
27%
29Vicki Vale
17%

Score Distribution

Percentile by Number Answered

Percent of People with Each Score

Your Score History

You have not taken this quiz